000 00548nam a22001937a 4500
999 _c6811
_d6811
003 OSt
005 20210311120346.0
008 210311b ||||| |||| 00| 0 eng d
020 _a0852552580
040 _cDDC
082 _a299.67SPI 1999
100 _aEdited by Behrend,Heike;Luig,Ute;
_913945
245 _aSpirit possession:
_bModernity &Power in africa.
260 _aKampala,
_bFountain Publishers;
_c1999.
300 _axiii,170p;
_bill;
_c25cm.
504 _aincludes index.
650 _aModernity and power
_913946
942 _2ddc
_cO_SHELF